Enabling a natural capital approach (ENCA) (Record no. 121184)

MARC details
000 -LEADER
fixed length control field 00829nam a22002177a 4500
001 - CONTROL NUMBER
control field K121184
008 - FIXED-LENGTH DATA ELEMENTS--GENERAL INFORMATION
fixed length control field 160218b2020 xxu||||| |||| 00| 0 eng d
041 ## - LANGUAGE CODE
Language code of text/sound track or separate title eng
110 ## - MAIN ENTRY--CORPORATE NAME
Corporate author DEFRA
245 ## - TITLE STATEMENT
Title Enabling a natural capital approach (ENCA)
260 ## - PUBLICATION INFORMATION
Place of publication London
Publisher DEFRA
Date 2020
520 ## - ABSTRACT
Abstract Provides guidance for policy and decision makers when considering the value of a natural capital approach. Includes guidance, assessment template, services and assets data books, toolkit and case studies and additional resources.<br/>
650 ## - KEYWORDS
Keywords Natural resources
650 ## - KEYWORDS
Keywords Biodiversity
650 ## - KEYWORDS
Keywords Ecosystems
650 ## - KEYWORDS
Keywords Economics
651 ## - SUBJECT ADDED ENTRY--GEOGRAPHIC NAME
Geographic name United Kingdom 1973
690 ## - BROAD SUBJECT
9 (RLIN) 6238
Broad subject Environment
856 ## - ONLINE RESOURCE
Uniform Resource Identifier <a href="https://www.gov.uk/guidance/enabling-a-natural-capital-approach-enca">https://www.gov.uk/guidance/enabling-a-natural-capital-approach-enca</a>
Public note View at www.gov.uk
942 ## - ADDED ENTRY ELEMENTS (KOHA)
Suppress in OPAC Do not suppress in OPAC
Holdings
Lost status Damaged status Not for loan Home library Current library Shelving location Date acquired Total Checkouts Date last seen Price effective from Koha item type
      Virtual Virtual Online 24/01/2020   24/01/2020 24/01/2020 Online material